Kronika : (Record no. 8605)

MARC details
000 -LEADER
fixed length control field 00732nam a22002297a 4500
003 - CONTROL NUMBER IDENTIFIER
control field OSt
005 - DATE AND TIME OF LATEST TRANSACTION
control field 20260304035813.0
008 - FIXED-LENGTH DATA ELEMENTS--GENERAL INFORMATION
fixed length control field 260304b |||||||| |||| 00| 0 eng d
020 ## - INTERNATIONAL STANDARD BOOK NUMBER
International Standard Book Number 978-621-417-122-4
040 ## - CATALOGING SOURCE
Original cataloging agency DWCL - Main lib
Transcribing agency OC
082 ## - DEWEY DECIMAL CLASSIFICATION NUMBER
Classification number Fil. 330 K93 2018
100 ## - MAIN ENTRY--PERSONAL NAME
Personal name Lopez, Diala-Simenez
245 ## - TITLE STATEMENT
Title Kronika :
Remainder of title mga kontemporaryong isyu 10 /
Statement of responsibility, etc. Diala-Simenez Lopez
260 ## - PUBLICATION, DISTRIBUTION, ETC.
Place of publication, distribution, etc. Makati City, Philippines :
Name of publisher, distributor, etc. Don Bosco Press,
Date of publication, distribution, etc. c2018.
300 ## - PHYSICAL DESCRIPTION
Extent xv, 241 pages :
Other physical details colored illustrations ;
Dimensions 26 cm.
504 ## - BIBLIOGRAPHY, ETC. NOTE
Bibliography, etc. note 1.Includes index.
504 ## - BIBLIOGRAPHY, ETC. NOTE
Bibliography, etc. note 2.bibliography.
504 ## - BIBLIOGRAPHY, ETC. NOTE
Bibliography, etc. note 3.appendix.
650 ## - SUBJECT ADDED ENTRY--TOPICAL TERM
Topical term or geographic name entry element 1.Economics-Contemporary issues.
700 ## - ADDED ENTRY--PERSONAL NAME
Personal name Vargas, Lozanta
Relator term Author
942 ## - ADDED ENTRY ELEMENTS (KOHA)
Source of classification or shelving scheme Dewey Decimal Classification
Koha item type Book-Filipiniana
Call number suffix Fil.
Suppress in OPAC No
952 ## - LOCATION AND ITEM INFORMATION (KOHA)
--
Holdings
Withdrawn status Lost status Source of classification or shelving scheme Damaged status Not for loan Home library Current library Shelving location Total Checkouts Full call number Barcode Date last seen Copy number Price effective from Koha item type Uniform Resource Identifier
    Dewey Decimal Classification     Junior High School Library Junior High School Library Filipiniana   Fil. 330 K93 2018 JHS - 20898 03/04/2026 c1 03/04/2026 BK - FIL